[Event "Wood Green Invitational"]
[Site "Stafford"]
[Date "2021.08.19"]
[Round "1.1"]
[White "Greet, Andrew N"]
[Black "Fodor, Tamas Jr"]
[Result "0-1"]
[WhiteElo "2417"]
[BlackElo "2520"]
[PlyCount "92"]
[EventDate "2021.08.19"]
[EventType "tourn"]
[EventRounds "9"]
[EventCountry "ENG"]
[EventCategory "7"]

1. e4 {[%emt 0:00:05]} e5 {[%emt 0:00:13]} 2. Nf3 {[%emt 0:00:13]} Nc6 {
[%emt 0:00:07]} 3. Bc4 {[%emt 0:00:16]} Nf6 {[%emt 0:00:17]} 4. d4 {[%emt 0:00:
52]} exd4 {[%emt 0:00:34]} 5. e5 {[%emt 0:00:34]} d5 {[%emt 0:00:30]} 6. Bb5 {
[%emt 0:00:11]} Ne4 {[%emt 0:00:14]} 7. Nxd4 {[%emt 0:00:16]} Bd7 {[%emt 0:00:
07]} 8. Bxc6 {[%emt 0:00:12]} bxc6 {[%emt 0:00:10]} 9. O-O {[%emt 0:00:17]} Bc5
{[%emt 0:00:06]} 10. f3 {[%emt 0:00:22]} Ng5 {[%emt 0:00:17]} 11. Be3 {[%emt 0:
00:56]} O-O {[%emt 0:00:08]} 12. f4 {[%emt 0:01:44]} f6 {[%emt 0:00:31]} 13.
exf6 {[%emt 0:37:20]} Nh3+ {[%emt 0:01:10]} 14. gxh3 {[%emt 0:01:28]} Bxh3 {
[%emt 0:00:28]} 15. Qf3 {[%emt 0:19:14]} Bxf1 {[%emt 0:02:35]} 16. fxg7 {
[%emt 0:00:38]} Rf7 {[%emt 0:02:05]} 17. Kxf1 {[%emt 0:00:54]} Qh4 {[%emt 0:01:
38]} 18. c3 {[%emt 0:06:27]} Qxh2 {[%emt 0:04:26]} 19. Nd2 {[%emt 0:02:49]}
Bxd4 {[%emt 0:00:22]} 20. cxd4 {[%emt 0:01:58]} Rxg7 {[%emt 0:00:08]} 21. Bf2 {
[%emt 0:04:28]} Rf8 {[%emt 0:00:16]} 22. f5 {[%emt 0:01:39]} Rg5 {[%emt 0:00:
14]} 23. Ke2 {[%emt 0:02:36]} Rgxf5 {[%emt 0:06:22]} 24. Qg3+ {[%emt 0:00:35]}
Qxg3 {[%emt 0:00:41]} 25. Bxg3 {[%emt 0:00:06]} Re8+ {[%emt 0:00:05]} 26. Kd3 {
[%emt 0:01:09]} Re7 {[%emt 0:00:22]} 27. b4 {[%emt 0:04:51]} Rg7 {[%emt 0:01:
52]} 28. Be5 {[%emt 0:00:26]} Rg2 {[%emt 0:00:11]} 29. Bxc7 {[%emt 0:06:10]}
Rff2 {[%emt 0:00:58]} 30. Rd1 {[%emt 0:01:11]} h5 {[%emt 0:00:45]} 31. Bd8 {
[%emt 0:02:29]} Rg3+ {[%emt 0:05:04]} 32. Kc2 {[%emt 0:00:08]} Rg4 {[%emt 0:00:
06]} 33. b5 {[%emt 0:02:36]} cxb5 {[%emt 0:00:43]} 34. Rb1 {[%emt 0:00:56]} a6
{[%emt 0:01:01]} 35. Ba5 {[%emt 0:01:04]} Rxd4 {[%emt 0:02:27]} 36. Bc3 {
[%emt 0:00:44]} Rg4 {[%emt 0:00:19]} 37. Re1 {[%emt 0:00:21]} b4 {[%emt 0:02:
14]} 38. Bb2 {[%emt 0:00:29]} Rgg2 {[%emt 0:00:23]} 39. Bc1 {[%emt 0:00:31]} h4
{[%emt 0:00:33]} 40. Rh1 {[%emt 0:00:08]} Rh2 {[%emt 0:00:40]} 41. Rg1+ {
[%emt 0:00:21]} Rfg2 {[%emt 0:00:16]} 42. Re1 {[%emt 0:00:10]} h3 {[%emt 0:00:
36]} 43. Kd3 {[%emt 0:00:15]} Rg3+ {[%emt 0:00:42]} 44. Kd4 {[%emt 0:00:28]}
Rf2 {[%emt 0:00:16]} 45. Re8+ {[%emt 0:00:31]} Kf7 {[%emt 0:01:03]} 46. Rh8 {
[%emt 0:00:21]} h2 {[%emt 0:00:07]} 0-1

[Event "Wood Green Invitational"]
[Site "Stafford"]
[Date "2021.08.19"]
[Round "1.2"]
[White "Hebden, Mark L"]
[Black "Turner, Matthew J"]
[Result "1-0"]
[WhiteElo "2453"]
[BlackElo "2509"]
[PlyCount "63"]
[EventDate "2021.08.19"]
[EventType "tourn"]
[EventRounds "9"]
[EventCountry "ENG"]
[EventCategory "7"]

1. d4 {[%emt 0:00:33]} d6 {[%emt 0:00:31]} 2. Nf3 {[%emt 0:01:36]} Bg4 {
[%emt 0:00:59]} 3. e4 {[%emt 0:00:15]} Nf6 {[%emt 0:02:28]} 4. Nc3 {[%emt 0:01:
03]} e6 {[%emt 0:00:19]} 5. h3 {[%emt 0:01:54]} Bh5 {[%emt 0:03:43]} 6. Qe2 {
[%emt 0:00:14]} Nbd7 {[%emt 0:03:29]} 7. g4 {[%emt 0:01:39]} Bg6 {[%emt 0:00:
06]} 8. h4 {[%emt 0:00:10]} h6 {[%emt 0:08:22]} 9. h5 {[%emt 0:00:19]} Bh7 {
[%emt 0:00:04]} 10. g5 {[%emt 0:00:38]} hxg5 {[%emt 0:00:08]} 11. Nxg5 {
[%emt 0:04:37]} Be7 {[%emt 0:01:02]} 12. e5 {[%emt 0:11:23]} dxe5 {[%emt 0:04:
00]} 13. dxe5 {[%emt 0:00:43]} Nd5 {[%emt 0:00:46]} 14. Nxd5 {[%emt 0:00:38]}
exd5 {[%emt 0:00:05]} 15. Rg1 {[%emt 0:06:47]} Bg8 {[%emt 0:09:54]} 16. Bh3 {
[%emt 0:10:42]} Nc5 {[%emt 0:06:33]} 17. Be3 {[%emt 0:04:45]} c6 {[%emt 0:05:
55]} 18. O-O-O {[%emt 0:00:53]} Qc7 {[%emt 0:02:08]} 19. f4 {[%emt 0:07:17]}
Rd8 {[%emt 0:04:42]} 20. Kb1 {[%emt 0:00:39]} b6 {[%emt 0:01:18]} 21. Bf5 {
[%emt 0:06:57]} Ne6 {[%emt 0:08:22]} 22. Nxe6 {[%emt 0:02:18]} fxe6 {[%emt 0:
00:06]} 23. Bg6+ {[%emt 0:00:13]} Kd7 {[%emt 0:00:30]} 24. c4 {[%emt 0:00:17]}
Rf8 {[%emt 0:06:58]} 25. Qg4 {[%emt 0:02:52]} Kd8 {[%emt 0:01:08]} 26. cxd5 {
[%emt 0:01:12]} cxd5 {[%emt 0:15:33]} 27. Rg2 {[%emt 0:00:41]} Qd7 {[%emt 0:03:
25]} 28. Rc2 {[%emt 0:01:19]} Bh7 {[%emt 0:03:06]} 29. Rdc1 {[%emt 0:02:43]}
Rf5 {[%emt 0:00:27]} 30. h6 {[%emt 0:02:00]} Bc5 {[%emt 0:04:38]} 31. Bxc5 {
[%emt 0:02:43]} bxc5 {[%emt 0:01:00]} 32. hxg7 {[%emt 0:02:23]} 1-0

[Event "Wood Green Invitational"]
[Site "Stafford"]
[Date "2021.08.19"]
[Round "1.3"]
[White "Harvey, Marcus R"]
[Black "Derakhshani, Borna"]
[Result "1-0"]
[WhiteElo "2440"]
[BlackElo "2373"]
[PlyCount "75"]
[EventDate "2021.08.19"]
[EventType "tourn"]
[EventRounds "9"]
[EventCountry "ENG"]
[EventCategory "7"]

1. Nf3 {[%emt 1:53:02]} Nf6 {[%emt 0:06:52]} 2. c4 {[%emt 0:00:30]} c6 {
[%emt 0:00:35]} 3. d4 {[%emt 0:00:04]} d5 {[%emt 0:00:12]} 4. Nc3 {[%emt 0:00:
25]} e6 {[%emt 0:02:42]} 5. cxd5 {[%emt 0:00:15]} exd5 {[%emt 0:00:21]} 6. Bf4
{[%emt 0:00:04]} Bd6 {[%emt 0:02:41]} 7. Bxd6 {[%emt 0:00:14]} Qxd6 {[%emt 0:
00:09]} 8. e3 {[%emt 0:00:01]} O-O {[%emt 0:03:18]} 9. Qc2 {[%emt 0:00:49]} Re8
{[%emt 0:12:36]} 10. h3 {[%emt 0:01:56]} Ne4 {[%emt 0:05:48]} 11. Nxe4 {
[%emt 0:03:58]} dxe4 {[%emt 0:00:38]} 12. Nd2 {[%emt 0:01:14]} Qg6 {[%emt 0:01:
54]} 13. Nc4 {[%emt 0:00:32]} Nd7 {[%emt 0:03:54]} 14. b4 {[%emt 0:00:26]} b6 {
[%emt 0:05:47]} 15. g3 {[%emt 0:10:45]} c5 {[%emt 0:09:51]} 16. dxc5 {[%emt 0:
05:39]} bxc5 {[%emt 0:00:32]} 17. Rd1 {[%emt 0:00:03]} cxb4 {[%emt 0:09:09]}
18. Qa4 {[%emt 0:03:22]} Nf6 {[%emt 0:10:27]} 19. Nd6 {[%emt 0:05:02]} Bd7 {
[%emt 0:01:48]} 20. Qxb4 {[%emt 0:03:24]} Reb8 {[%emt 0:03:37]} 21. Qd4 {
[%emt 0:05:28]} Be6 {[%emt 0:01:16]} 22. Bg2 {[%emt 0:00:04]} Bd5 {[%emt 0:00:
13]} 23. O-O {[%emt 0:00:36]} a5 {[%emt 0:02:24]} 24. Qe5 {[%emt 0:02:15]} Bxa2
{[%emt 0:02:22]} 25. Nxe4 {[%emt 0:01:01]} Re8 {[%emt 0:05:30]} 26. Nxf6+ {
[%emt 0:00:14]} gxf6 {[%emt 0:00:05]} 27. Qb2 {[%emt 0:00:09]} Be6 {[%emt 0:00:
04]} 28. Bxa8 {[%emt 0:00:14]} Rxa8 29. Qb7 {[%emt 0:00:40]} Re8 {[%emt 0:00:
47]} 30. Qb5 {[%emt 0:00:18]} Ra8 {[%emt 0:00:25]} 31. Kh2 {[%emt 0:02:10]} Qh6
{[%emt 0:02:20]} 32. h4 {[%emt 0:00:14]} Qg6 33. Rd4 {[%emt 0:02:20]} Qc2 {
[%emt 0:00:53]} 34. Qb7 {[%emt 0:02:12]} Rc8 {[%emt 0:00:56]} 35. Qb1 {[%emt 0:
01:19]} Bb3 {[%emt 0:05:17]} 36. Qa1 {[%emt 0:02:53]} Bc4 {[%emt 0:02:03]} 37.
Rg4+ {[%emt 0:00:05]} Kf8 38. Qxf6 {[%emt 0:00:28]} 1-0

[Event "Wood Green Invitational"]
[Site "Stafford"]
[Date "2021.08.19"]
[Round "1.4"]
[White "Blackburn, Jonathan LB"]
[Black "Haria, Ravi"]
[Result "0-1"]
[WhiteElo "2235"]
[BlackElo "2440"]
[PlyCount "128"]
[EventDate "2021.08.19"]
[EventType "tourn"]
[EventRounds "9"]
[EventCountry "ENG"]
[EventCategory "7"]

1. d4 {[%emt 0:00:03]} e6 {[%emt 0:00:06]} 2. c4 {[%emt 0:00:05]} Nf6 {[%emt 0:
00:03]} 3. Nc3 {[%emt 0:00:15]} Bb4 {[%emt 0:00:06]} 4. e3 {[%emt 0:00:26]} O-O
{[%emt 0:00:47]} 5. Bd3 {[%emt 0:02:36]} d5 {[%emt 0:00:06]} 6. Nf3 {[%emt 0:
01:36]} c5 {[%emt 0:00:43]} 7. O-O {[%emt 0:00:19]} b6 {[%emt 0:00:33]} 8. Qe2
{[%emt 0:10:51]} Bb7 {[%emt 0:09:55]} 9. Rd1 {[%emt 0:07:56]} Nbd7 {[%emt 0:07:
02]} 10. a3 {[%emt 0:10:15]} Bxc3 {[%emt 0:01:26]} 11. bxc3 {[%emt 0:00:04]}
dxc4 {[%emt 0:02:58]} 12. Bxc4 {[%emt 0:00:10]} Qc7 {[%emt 0:00:06]} 13. a4 {
[%emt 0:13:08]} Rac8 {[%emt 0:07:49]} 14. Bd3 {[%emt 0:08:44]} e5 {[%emt 0:18:
23]} 15. Nxe5 {[%emt 0:08:30]} Nxe5 {[%emt 0:00:12]} 16. dxe5 {[%emt 0:00:03]}
Qxe5 {[%emt 0:00:42]} 17. f4 {[%emt 0:01:15]} Qc7 {[%emt 0:02:16]} 18. c4 {
[%emt 0:01:29]} Ne4 {[%emt 0:12:29]} 19. Bb2 {[%emt 0:01:47]} f6 {[%emt 0:01:
18]} 20. a5 {[%emt 0:03:44]} Rce8 {[%emt 0:05:53]} 21. axb6 {[%emt 0:01:06]}
axb6 {[%emt 0:00:10]} 22. Qg4 {[%emt 0:06:52]} Rf7 {[%emt 0:03:33]} 23. h4 {
[%emt 0:01:13]} Bc8 {[%emt 0:05:36]} 24. Qf3 {[%emt 0:01:03]} Rfe7 {[%emt 0:01:
52]} 25. h5 {[%emt 0:00:54]} Nd6 {[%emt 0:02:41]} 26. h6 {[%emt 0:03:37]} Rxe3
{[%emt 0:02:44]} 27. Qd5+ {[%emt 0:01:26]} Be6 {[%emt 0:02:17]} 28. Bxh7+ {
[%emt 0:01:32]} Kxh7 {[%emt 0:00:09]} 29. Qxd6 {[%emt 0:00:05]} Qxd6 {[%emt 0:
03:40]} 30. Rxd6 {[%emt 0:00:03]} Rb3 {[%emt 0:02:20]} 31. Bc1 {[%emt 0:04:41]}
Bxc4 {[%emt 0:02:33]} 32. hxg7 {[%emt 0:00:38]} Kxg7 {[%emt 0:00:38]} 33. f5 {
[%emt 0:01:47]} Re7 {[%emt 0:00:29]} 34. Bf4 {[%emt 0:02:29]} Kf7 {[%emt 0:03:
40]} 35. Rad1 {[%emt 0:03:35]} Be2 {[%emt 0:00:31]} 36. Re1 {[%emt 0:00:42]}
Bd3 {[%emt 0:01:33]} 37. Rxe7+ {[%emt 0:02:08]} Kxe7 38. g4 {[%emt 0:01:13]}
Rb4 {[%emt 0:00:10]} 39. Bg3 {[%emt 0:00:25]} Bc4 {[%emt 0:01:26]} 40. Rc6 {
[%emt 0:00:51]} Bd5 {[%emt 0:00:31]} 41. Rc7+ {[%emt 0:00:17]} Kf8 {[%emt 0:00:
36]} 42. Rc8+ {[%emt 0:00:49]} Kg7 {[%emt 0:00:10]} 43. Rc7+ {[%emt 0:00:16]}
Kh6 {[%emt 0:00:11]} 44. Rd7 {[%emt 0:00:49]} Rxg4 {[%emt 0:00:27]} 45. Kf2 {
[%emt 0:00:04]} Rd4 {[%emt 0:01:16]} 46. Rd6 {[%emt 0:00:23]} b5 {[%emt 0:00:
36]} 47. Be5 {[%emt 0:01:01]} Rd3 {[%emt 0:00:23]} 48. Bxf6 {[%emt 0:00:22]}
Kh5 {[%emt 0:00:12]} 49. Ke2 {[%emt 0:00:52]} c4 {[%emt 0:00:13]} 50. Be7 {
[%emt 0:00:09]} b4 {[%emt 0:00:45]} 51. Rb6 {[%emt 0:00:51]} b3 {[%emt 0:00:10]
} 52. f6 {[%emt 0:00:12]} Kg6 {[%emt 0:00:07]} 53. Rb5 {[%emt 0:00:24]} Bf3+ {
[%emt 0:01:10]} 54. Kf2 {[%emt 0:00:07]} Bc6 {[%emt 0:00:50]} 55. Rb6 {[%emt 0:
00:19]} c3 {[%emt 0:00:34]} 56. Ke2 {[%emt 0:01:11]} Rd2+ {[%emt 0:00:28]} 57.
Ke3 {[%emt 0:00:04]} b2 {[%emt 0:00:25]} 58. Ba3 {[%emt 0:00:16]} Bd5 {[%emt 0:
00:20]} 59. Rb5 {[%emt 0:01:34]} Bc4 {[%emt 0:00:13]} 60. Rb6 {[%emt 0:00:27]}
Bd5 {[%emt 0:01:04]} 61. Rb5 {[%emt 0:00:24]} Rd1 {[%emt 0:00:31]} 62. Bxb2 {
[%emt 0:00:45]} Rb1 {[%emt 0:00:22]} 63. Rxd5 {[%emt 0:00:34]} cxb2 {[%emt 0:
00:07]} 64. f7 {[%emt 0:00:30]} Kxf7 {[%emt 0:00:11]} 0-1

[Event "Wood Green Invitational"]
[Site "Stafford"]
[Date "2021.08.19"]
[Round "1.5"]
[White "Willow, Jonah B"]
[Black "Fitzsimons, David"]
[Result "1/2-1/2"]
[WhiteElo "2396"]
[BlackElo "2324"]
[PlyCount "144"]
[EventDate "2021.08.19"]
[EventType "tourn"]
[EventRounds "9"]
[EventCountry "ENG"]
[EventCategory "7"]

1. e4 {[%emt 0:00:02]} e5 {[%emt 0:00:09]} 2. Nf3 {[%emt 0:00:24]} Nc6 {
[%emt 0:00:07]} 3. Bb5 {[%emt 0:02:40]} a6 {[%emt 0:00:22]} 4. Ba4 {[%emt 0:00:
04]} Nf6 {[%emt 0:00:12]} 5. Nc3 {[%emt 0:01:24]} b5 {[%emt 0:01:01]} 6. Bb3 {
[%emt 0:00:17]} Bc5 {[%emt 0:01:05]} 7. O-O {[%emt 0:01:59]} d6 {[%emt 0:00:31]
} 8. d3 {[%emt 0:00:43]} Na5 {[%emt 0:02:14]} 9. Bg5 {[%emt 0:04:38]} h6 {
[%emt 0:01:46]} 10. Bh4 {[%emt 0:01:59]} g5 {[%emt 0:02:52]} 11. Bg3 {[%emt 0:
06:11]} Bg4 {[%emt 0:01:09]} 12. Ne2 {[%emt 0:26:54]} Nxb3 {[%emt 0:05:53]} 13.
axb3 {[%emt 0:02:49]} Bxf3 {[%emt 0:09:50]} 14. gxf3 {[%emt 0:00:10]} Bb6 {
[%emt 0:01:30]} 15. d4 {[%emt 0:02:40]} Qe7 {[%emt 0:00:38]} 16. c4 {[%emt 0:
02:05]} O-O {[%emt 0:18:37]} 17. Qd3 {[%emt 0:07:09]} b4 {[%emt 0:17:31]} 18.
c5 {[%emt 0:10:11]} dxc5 {[%emt 0:00:23]} 19. dxe5 {[%emt 0:00:09]} Nh5 {
[%emt 0:00:46]} 20. Rfd1 {[%emt 0:10:32]} Rad8 {[%emt 0:06:16]} 21. Qxa6 {
[%emt 0:00:52]} Nxg3 {[%emt 0:00:45]} 22. Nxg3 {[%emt 0:00:43]} Qxe5 {[%emt 0:
00:26]} 23. Qe2 {[%emt 0:00:16]} Rfe8 {[%emt 0:03:44]} 24. Nf5 {[%emt 0:04:08]}
Rxd1+ {[%emt 0:00:32]} 25. Qxd1 {[%emt 0:00:02]} c4 {[%emt 0:01:46]} 26. Nxh6+
{[%emt 0:02:21]} Kh7 {[%emt 0:02:09]} 27. Ng4 {[%emt 0:00:26]} Qxb2 {[%emt 0:
00:24]} 28. bxc4 {[%emt 0:01:04]} Bd4 {[%emt 0:03:31]} 29. Rb1 {[%emt 0:00:48]}
Qc3 {[%emt 0:00:06]} 30. Rc1 {[%emt 0:03:22]} Qb2 {[%emt 0:00:05]} 31. Rc2 {
[%emt 0:04:58]} Qa1 {[%emt 0:00:05]} 32. Rc1 {[%emt 0:00:09]} Qb2 {[%emt 0:00:
05]} 33. Kg2 {[%emt 0:02:04]} c5 {[%emt 0:02:40]} 34. Rb1 {[%emt 0:00:27]} Qa2
{[%emt 0:02:26]} 35. Qd3 {[%emt 0:01:43]} Kg7 {[%emt 0:00:05]} 36. Rxb4 {
[%emt 0:00:47]} Bxf2 {[%emt 0:07:22]} 37. Qb1 Qxb1 {[%emt 0:00:37]} 38. Rxb1 {
[%emt 0:00:01]} Bd4 {[%emt 0:00:08]} 39. Rb6 {[%emt 0:01:07]} Ra8 {[%emt 0:00:
19]} 40. Nh6 {[%emt 0:00:14]} Ra2+ {[%emt 0:00:46]} 41. Kh3 Be5 {[%emt 0:01:07]
} 42. Kg4 {[%emt 0:01:03]} Rxh2 {[%emt 0:00:54]} 43. Nf5+ {[%emt 0:00:33]} Kh7
{[%emt 0:00:14]} 44. Ne3 {[%emt 0:00:51]} Bd4 {[%emt 0:01:54]} 45. Nd5 {
[%emt 0:00:38]} Rg2+ {[%emt 0:00:47]} 46. Kh3 {[%emt 0:00:34]} Rc2 {[%emt 0:00:
48]} 47. Kg4 {[%emt 0:00:10]} Rg2+ {[%emt 0:00:37]} 48. Kf5 {[%emt 0:00:47]}
Rf2 {[%emt 0:00:33]} 49. Rb3 {[%emt 0:00:06]} Kh6 {[%emt 0:01:24]} 50. Ne7 {
[%emt 0:00:59]} Kh5 {[%emt 0:01:25]} 51. e5 {[%emt 0:00:24]} g4 {[%emt 0:00:54]
} 52. f4 {[%emt 0:00:16]} Kh4 {[%emt 0:02:28]} 53. Rb8 Kg3 {[%emt 0:00:21]} 54.
Nd5 {[%emt 0:00:19]} Rg2 {[%emt 0:01:42]} 55. Nf6 {[%emt 0:00:22]} Rc2 {
[%emt 0:01:55]} 56. Rb3+ {[%emt 0:00:30]} Kg2 {[%emt 0:00:16]} 57. Nxg4 {
[%emt 0:00:24]} Rxc4 {[%emt 0:00:02]} 58. Rb7 {[%emt 0:01:39]} Kf3 {[%emt 0:01:
03]} 59. Nf6 {[%emt 0:00:43]} Be3 {[%emt 0:00:27]} 60. Nd5 {[%emt 0:00:03]} Bc1
{[%emt 0:00:14]} 61. Rxf7 {[%emt 0:00:42]} Rd4 62. Ke6 {[%emt 0:00:35]} c4 {
[%emt 0:00:15]} 63. f5 {[%emt 0:00:16]} Ke4 {[%emt 0:00:11]} 64. Nf6+ {[%emt 0:
00:03]} Kd3 {[%emt 0:00:06]} 65. Rc7 {[%emt 0:00:10]} c3 {[%emt 0:00:13]} 66.
Nd5 {[%emt 0:01:17]} c2 67. f6 {[%emt 0:00:24]} Rc4 {[%emt 0:00:19]} 68. f7 {
[%emt 0:00:41]} Bh6 {[%emt 0:00:04]} 69. Rxc4 {[%emt 0:00:48]} Kxc4 {[%emt 0:
00:04]} 70. f8=Q {[%emt 0:00:27]} Bxf8 {[%emt 0:00:04]} 71. Ne3+ {[%emt 0:00:
04]} Kd3 {[%emt 0:00:04]} 72. Nxc2 {[%emt 0:00:04]} Kxc2 {[%emt 0:00:03]}
1/2-1/2

[Event "Wood Green Invitational"]
[Site "Stafford"]
[Date "2021.08.20"]
[Round "2.1"]
[White "Fodor, Tamas Jr"]
[Black "Fitzsimons, David"]
[Result "1-0"]
[WhiteElo "2520"]
[BlackElo "2324"]
[PlyCount "105"]
[EventDate "2021.08.19"]
[EventType "tourn"]
[EventRounds "9"]
[EventCountry "ENG"]
[EventCategory "7"]

1. d4 {[%emt 0:00:05]} Nf6 {[%emt 0:04:01]} 2. c4 {[%emt 0:00:09]} e6 {[%emt 0:
00:10]} 3. Nc3 {[%emt 0:00:16]} Bb4 {[%emt 0:00:09]} 4. Nf3 {[%emt 0:02:48]}
O-O {[%emt 0:00:21]} 5. e3 {[%emt 0:03:23]} c5 {[%emt 0:01:28]} 6. Bd3 {
[%emt 0:00:34]} Nc6 {[%emt 0:01:14]} 7. O-O {[%emt 0:00:41]} Bxc3 {[%emt 0:00:
18]} 8. bxc3 {[%emt 0:00:11]} d6 {[%emt 0:00:05]} 9. e4 {[%emt 0:03:21]} e5 {
[%emt 0:00:17]} 10. h3 {[%emt 0:00:26]} h6 {[%emt 0:00:44]} 11. Be3 {[%emt 0:
06:49]} b6 {[%emt 0:00:36]} 12. Kh2 {[%emt 0:09:57]} Qc7 {[%emt 0:04:35]} 13.
d5 {[%emt 0:02:15]} Ne7 {[%emt 0:00:31]} 14. Ng1 {[%emt 0:04:50]} Ng6 {[%emt 0:
09:12]} 15. g3 {[%emt 0:03:01]} Qe7 {[%emt 0:04:39]} 16. Qc2 {[%emt 0:02:26]}
Bd7 {[%emt 0:02:29]} 17. Rae1 {[%emt 0:00:34]} Rae8 {[%emt 0:00:59]} 18. Bc1 {
[%emt 0:00:23]} Qd8 {[%emt 0:12:25]} 19. f3 {[%emt 0:07:34]} Nh5 {[%emt 0:06:
30]} 20. Qd1 {[%emt 0:03:06]} Nf6 {[%emt 0:08:09]} 21. f4 {[%emt 0:07:11]} exf4
{[%emt 0:02:10]} 22. gxf4 {[%emt 0:01:04]} Re7 {[%emt 0:04:21]} 23. Nf3 {
[%emt 0:14:02]} Rfe8 {[%emt 0:17:35]} 24. e5 {[%emt 0:02:06]} dxe5 {[%emt 0:01:
05]} 25. Bxg6 {[%emt 0:00:22]} fxg6 {[%emt 0:00:11]} 26. fxe5 {[%emt 0:03:36]}
Nh5 {[%emt 0:00:59]} 27. Rg1 {[%emt 0:11:30]} Bf5 {[%emt 0:01:30]} 28. Re2 {
[%emt 0:02:13]} Qc8 {[%emt 0:02:25]} 29. e6 {[%emt 0:05:03]} Qb8+ {[%emt 0:01:
45]} 30. Ne5 {[%emt 0:00:41]} Bxe6 {[%emt 0:06:03]} 31. d6 {[%emt 0:00:32]}
Bxc4 {[%emt 0:03:57]} 32. dxe7 {[%emt 0:00:14]} Bxe2 {[%emt 0:00:05]} 33. Qxe2
{[%emt 0:01:59]} Rxe7 {[%emt 0:00:05]} 34. Re1 {[%emt 0:00:03]} g5 {[%emt 0:00:
39]} 35. c4 {[%emt 0:00:11]} Qe8 {[%emt 0:01:42]} 36. Qe4 {[%emt 0:02:05]} Nf6
{[%emt 0:00:34]} 37. Qf5 {[%emt 0:00:40]} Qa4 {[%emt 0:01:23]} 38. Qf2 {
[%emt 0:00:34]} Kh7 {[%emt 0:01:13]} 39. Kg2 {[%emt 0:00:46]} Kg8 {[%emt 0:01:
13]} 40. Qd2 {[%emt 0:01:21]} Qe8 {[%emt 0:00:28]} 41. Bb2 {[%emt 0:00:23]} Nh5
{[%emt 0:00:45]} 42. Qd5+ {[%emt 0:00:06]} Kh7 {[%emt 0:00:15]} 43. Qe4+ {
[%emt 0:00:06]} Kg8 {[%emt 0:00:04]} 44. Bc3 {[%emt 0:01:18]} Nf4+ {[%emt 0:00:
15]} 45. Kh2 {[%emt 0:00:16]} Qa4 {[%emt 0:00:17]} 46. Qb1 {[%emt 0:00:27]} b5
{[%emt 0:01:41]} 47. Qb3 {[%emt 0:01:16]} Qxb3 {[%emt 0:00:39]} 48. axb3 {
[%emt 0:00:04]} bxc4 {[%emt 0:01:05]} 49. bxc4 {[%emt 0:00:14]} Rb7 {[%emt 0:
00:38]} 50. Re3 {[%emt 0:00:36]} Kf8 {[%emt 0:00:59]} 51. Kg3 {[%emt 0:00:19]}
Rb3 {[%emt 0:00:38]} 52. Kg4 {[%emt 0:00:10]} Ne6 {[%emt 0:00:35]} 53. Kf5 {
[%emt 0:01:20]} 1-0

[Event "Wood Green Invitational"]
[Site "Stafford"]
[Date "2021.08.20"]
[Round "2.2"]
[White "Haria, Ravi"]
[Black "Willow, Jonah B"]
[Result "1-0"]
[WhiteElo "2440"]
[BlackElo "2396"]
[PlyCount "69"]
[EventDate "2021.08.19"]
[EventType "tourn"]
[EventRounds "9"]
[EventCountry "ENG"]
[EventCategory "7"]

1. e4 {[%emt 0:00:02]} e5 {[%emt 0:00:05]} 2. Nf3 {[%emt 0:00:06]} Nc6 {
[%emt 0:00:03]} 3. Bc4 {[%emt 0:02:02]} Bc5 {[%emt 0:00:06]} 4. O-O {[%emt 0:
00:27]} Nf6 {[%emt 0:00:54]} 5. d3 {[%emt 0:00:38]} O-O {[%emt 0:00:10]} 6. Re1
{[%emt 0:00:17]} d6 {[%emt 0:01:09]} 7. c3 {[%emt 0:01:43]} a6 {[%emt 0:00:16]}
8. Bb3 {[%emt 0:02:00]} Bg4 {[%emt 0:08:24]} 9. h3 {[%emt 0:01:15]} Bh5 {
[%emt 0:00:25]} 10. Nbd2 {[%emt 0:00:20]} d5 {[%emt 0:15:44]} 11. exd5 {
[%emt 0:03:25]} Nxd5 {[%emt 0:00:04]} 12. Ne4 {[%emt 0:00:42]} Ba7 {[%emt 0:00:
37]} 13. Ng3 {[%emt 0:02:42]} Bg6 {[%emt 0:00:28]} 14. Nxe5 {[%emt 0:03:27]}
Nxe5 {[%emt 0:09:48]} 15. Rxe5 {[%emt 0:00:15]} c6 {[%emt 0:01:43]} 16. d4 {
[%emt 0:04:48]} Bb8 {[%emt 0:05:02]} 17. Re1 {[%emt 0:02:10]} f5 {[%emt 0:10:
41]} 18. Qf3 {[%emt 0:03:10]} f4 {[%emt 0:13:23]} 19. Nf1 {[%emt 0:14:24]} Kh8
{[%emt 0:02:35]} 20. Bd2 {[%emt 0:03:01]} Nf6 {[%emt 0:02:53]} 21. Nh2 {
[%emt 0:01:57]} Bh5 {[%emt 0:04:30]} 22. Ng4 {[%emt 0:02:30]} Qa5 {[%emt 0:05:
44]} 23. Be6 {[%emt 0:08:48]} Bd6 {[%emt 0:03:02]} 24. Qd3 {[%emt 0:07:48]} Bg6
{[%emt 0:02:51]} 25. c4 {[%emt 0:08:39]} Qg5 {[%emt 0:03:23]} 26. Qf3 {[%emt 0:
00:41]} Rae8 {[%emt 0:01:34]} 27. Nxf6 {[%emt 0:09:00]} Qxf6 {[%emt 0:01:16]}
28. d5 {[%emt 0:00:12]} Qxb2 {[%emt 0:02:43]} 29. Bc3 {[%emt 0:01:13]} Qb6 {
[%emt 0:01:50]} 30. h4 {[%emt 0:02:01]} Bb4 {[%emt 0:01:12]} 31. Rab1 {[%emt 0:
03:38]} a5 {[%emt 0:01:05]} 32. a3 {[%emt 0:00:29]} Bxb1 {[%emt 0:01:33]} 33.
Rxb1 Qc5 {[%emt 0:00:53]} 34. axb4 {[%emt 0:00:10]} Qxc4 {[%emt 0:00:05]} 35.
bxa5 {[%emt 0:01:21]} 1-0

[Event "Wood Green Invitational"]
[Site "Stafford"]
[Date "2021.08.20"]
[Round "2.3"]
[White "Derakhshani, Borna"]
[Black "Blackburn, Jonathan LB"]
[Result "1/2-1/2"]
[WhiteElo "2373"]
[BlackElo "2235"]
[PlyCount "66"]
[EventDate "2021.08.19"]
[EventType "tourn"]
[EventRounds "9"]
[EventCountry "ENG"]
[EventCategory "7"]

1. Nf3 Nf6 {[%emt 0:02:25]} 2. b3 {[%emt 0:00:25]} d6 {[%emt 0:03:10]} 3. Bb2 {
[%emt 0:00:41]} e5 {[%emt 0:00:49]} 4. c4 {[%emt 0:00:40]} Nc6 {[%emt 0:08:31]}
5. d3 {[%emt 0:01:56]} Bg4 {[%emt 0:02:36]} 6. Nbd2 {[%emt 0:14:27]} Be7 {
[%emt 0:08:04]} 7. a3 {[%emt 0:14:54]} a5 {[%emt 0:02:50]} 8. h3 {[%emt 0:03:
05]} Be6 {[%emt 0:07:56]} 9. g3 {[%emt 0:03:11]} h6 {[%emt 0:01:16]} 10. Bg2 {
[%emt 0:00:40]} Qc8 {[%emt 0:02:59]} 11. Bc3 {[%emt 0:11:30]} O-O {[%emt 0:15:
00]} 12. b4 {[%emt 0:04:39]} a4 {[%emt 0:07:59]} 13. b5 {[%emt 0:04:39]} Na5 {
[%emt 0:00:23]} 14. Qc2 {[%emt 0:13:05]} Nd7 {[%emt 0:01:00]} 15. O-O {[%emt 0:
01:26]} Nc5 {[%emt 0:01:05]} 16. Kh2 {[%emt 0:00:13]} Nab3 {[%emt 0:01:43]} 17.
Nxb3 {[%emt 0:01:12]} Nxb3 {[%emt 0:00:17]} 18. Rab1 {[%emt 0:00:45]} f5 {
[%emt 0:01:50]} 19. Nd2 {[%emt 0:03:17]} Nc5 {[%emt 0:01:38]} 20. f4 {[%emt 0:
02:08]} Bf6 {[%emt 0:00:56]} 21. e3 {[%emt 0:00:42]} Nd7 {[%emt 0:10:25]} 22.
d4 {[%emt 0:03:39]} e4 {[%emt 0:01:45]} 23. Rfc1 {[%emt 0:00:16]} c5 {[%emt 0:
01:35]} 24. d5 {[%emt 0:03:00]} Bf7 {[%emt 0:00:06]} 25. g4 {[%emt 0:01:19]}
Bxc3 {[%emt 0:04:07]} 26. Qxc3 Nf6 {[%emt 0:00:16]} 27. Rg1 {[%emt 0:00:21]}
Bg6 {[%emt 0:01:25]} 28. g5 {[%emt 0:03:27]} hxg5 {[%emt 0:00:24]} 29. fxg5 Nd7
{[%emt 0:00:41]} 30. Rbf1 {[%emt 0:00:16]} Ne5 {[%emt 0:00:41]} 31. Rf4 {
[%emt 0:02:08]} Qe8 32. Bf1 {[%emt 0:02:10]} Bh5 {[%emt 0:01:21]} 33. Rg3 {
[%emt 0:02:22]} g6 {[%emt 0:00:23]} 1/2-1/2